000 00535cas a2200169 4500
008 141114n eng u
022 _a00144029
035 _a(Sirsi) a186174
050 _aLC3951.E95
245 _aEXCEPTIONAL CHILDREN.
260 _aVirginia
_b Council for Exceptional Children
310 _aQuarterly.
362 _aVol. 28, 1961-62 - Vol. 43, No. 8, 1977
520 _aIt contains articles in special education, research and developments.
650 _aDisability.
780 _aJournal of Exceptional Children
999 _c9636
_d9636